000
00259nam a2200109Ia 4500
005
20251222114349.0
008
251222s1900||||xx |||||||||||||| ||spa||
082
_a
DVD0080/P41/Ej.2
245
0
_a
El milagro de Anna Sullivan.
264
_b
Coe, Fred
942
_c
DVD
999
_c
1177
_d
1177